Maksiat dan langkah pencegahannya di Terengganu /
Saved in:
| Main Author: | |
|---|---|
| Format: | Thesis |
| Language: | Malay |
| Published: |
Bangi, Selangor :
Jabatan Syariah, Fakulti Pengajian Islam, Universiti Kebangsaan Malaysia,
1981
|
| Subjects: | |
| Tags: |
Add Tag
No Tags, Be the first to tag this record!
|
| LEADER | 015830000a22003490004500 | ||
|---|---|---|---|
| 001 | 363494 | ||
| 005 | 20230419155708.0 | ||
| 008 | 061129t1981 my ab g m 000 0 may d | ||
| 035 | |a (Sirsi) 363494 | ||
| 040 | |a UIAM |b eng |e rda | ||
| 041 | 0 | |a may | |
| 043 | |a a-my-- | ||
| 050 | 0 | 0 | |a BP159.M4T4 |
| 100 | 0 | |a Mohamed Najid bin Awang, |e author |9 92662 | |
| 245 | 1 | 0 | |a Maksiat dan langkah pencegahannya di Terengganu / |c Mohamed Najid bin Awang |
| 264 | 1 | |a Bangi, Selangor : |b Jabatan Syariah, Fakulti Pengajian Islam, Universiti Kebangsaan Malaysia, |c 1981 | |
| 300 | |a viii, 107 leaves : |b illustrations, maps. ; |c 26 cm. | ||
| 336 | |2 rdacontent |a text | ||
| 337 | |2 rdamedia |a unmediated | ||
| 338 | |2 rdacarrier |a volume | ||
| 500 | |a "Latihan ilmiah ini dikemukakan kepada Jabatan Syariah, sebagai syarat memperolehi Ijazah SarjanaMuda Pengajian Islam dengan Kepujian."--On title page. | ||
| 502 | |a Thesis (Ijazah SarjanaMuda Pengajian Islam) -- Universiti Kebangsaan Malaysia, 1980/81 | ||
| 504 | |a Includes bibliographical references leaves (106-107). | ||
| 650 | 0 | |a Offenses against religion |z Terengganu |9 92663 | |
| 650 | 0 | |a Vices |9 92664 | |
| 650 | 0 | |a Justice, Administration of (Islamic law) |z Terengganu |9 92665 | |
| 655 | 0 | 7 | |a Theses, non-IIUM |
| 710 | 1 | |a Universiti Kebangsaan Malaysia. |b Fakulti Pengajian Islam. Jabatan Syariah |9 85975 | |
| 900 | |a mbs-hj-ami | ||
| 942 | |2 lcc |n 0 | ||
| 999 | |c 434090 |d 465564 | ||
| 952 | |0 0 |6 T BP 000159 M4 T4 M9525M 1981 |7 0 |8 THESES |9 751702 |a IIUM |b IIUM |c MULTIMEDIA |g 0.00 |o t BP 159 M4 T4 M9525M 1981 |p 00001065954 |r 2017-10-17 |t 1 |v 0.00 |y THESIS | ||
